| 000 | 03673nam a2200337 a 4500 | ||
|---|---|---|---|
| 003 | OSt | ||
| 005 | 20250612093550.0 | ||
| 007 | cr ||||||a|c|a | ||
| 008 | 240816s2024 mx a|||fom||| 001 0 spa d | ||
| 040 | _erda | ||
| 100 | 1 |
_aCoronado Bernal, Miranda _9189442 |
|
| 245 | 1 | 0 |
_aInsecticidas organosintéticos, biorracionales y entomopatógenos para el control de mosquita blanca (Trialeurodes vaporariorum) en jitomate / _cpor Miranda Coronado Bernal; director de tesis Candelario Santillán Ortega; secretario J. Antonio Tafoya Razo; vocal Guillermo Mondragón Pedrero; suplente Santos Gerardo Leyva Mir; suplente Calixto Leopoldo Carrillo Fonseca. |
| 264 | 1 |
_aChapingo, México : _bEl autor, _c2024. |
|
| 300 |
_a1 recurso en línea (54 páginas): _bfiguras, cuadros. |
||
| 336 |
_2rdacontent _atexto _btxt |
||
| 337 |
_2rdamedia _acomputadora _bc |
||
| 338 |
_2rdacarrier _arecurso en línea _bcr |
||
| 502 |
_bIAEPA _cParasitología _d2024. _gLIC |
||
| 504 | _aIncluye referencias bibliográficas: páginas 36-44. | ||
| 520 | _aEl uso irracional de insecticidas sintéticos para el control de insectos ha traído diversas consecuencias, como la acumulación de residuos químicos en alimentos, desequilibrio ecológico, contaminación del ambiente y desarrollo de resistencia a productos químicos. Se evaluó el efecto de insecticidas del tipo biorracional, organosintéticos y agentes de control biológico, en cultivo de jitomate en invernadero para el control de ninfas y adultos de Trialeurodes vaporariorum, y determinar la efectividad biológica. Se estableció un diseño experimental en bloques completos al azar dentro del invernadero, en el cual utilizaron 28 unidades experimentales (39.296 m2 de cultivo de jitomate en producción) distribuidas al azar en siete tratamientos (T): T1= Testigo (n=4); T2= AJICK® (n=4); T3= PROGRANIC® CinnAcar; T4= SPECTRUM® BEA B (n=9); T5= PROGRANIC® NIMICIDE 80 (n=4); T6= PireKrone® 0.2 % PH (n=4); T7= Plenum® 50 FS (n=4) (testigo comercial). La aplicación de los tratamientos se realizó con una mochila aspersora manual con una boquilla del tipo cono hueco, se realizaron cuatro aplicaciones con intervalo de siete días, mientras que los muestreos se realizaron un día antes de cada aplicación el cual consistió en conteo directo de ninfas y adultos vivos en seis plantas centrales, se seleccionaron al azar dos hojas por planta. Los resultados se analizaron mediante un análisis de varianza (ANOVA α =0.05) y se compararon con una prueba de Tukey (P<0,05), se utilizó el paquete estadístico de Rstudio, para el control de ninfas y adultos en la cuarta evaluación, todos los tratamientos presentaron diferencias significativas (p>0.05) con respecto al T1 (Testigo), pero no entre ellos, mientras que la efectiva biológica fue de 0, 89.6, 89.8, 90.0, 91.2, 91.6 y 93.7 % para T1, T3, T6, T2, T5, T4 y T7, respectivamente. Palabras clave: Solanum lycopersicum, extracto de canela, extracto de ajo, Beauveria bassiana, pymetrozine. | ||
| 650 | 4 |
_aExtractos vegetales como insecticida _9133644 |
|
| 650 | 4 |
_aInsecticidas Control biológico de insectos _9168103 |
|
| 650 | 4 |
_aTrialeurodes vaporarium _xControl _9189443 |
|
| 700 | 1 |
_aSantillán Ortega, Candelario _9102429 _eDirector de tesis. |
|
| 700 | 0 |
_aTafoya Razo, José Antonio _eSecretario. _9111341 |
|
| 700 | 1 |
_aMondragón Pedrero, Guillermo _977486 _eVocal. |
|
| 700 | 1 |
_aLeyva Mir, Santos Gerardo _eSuplente. _966581 |
|
| 700 | 0 |
_aCarrillo Fonseca, Calixto Leopoldo _919482 _eSuplente. |
|
| 856 |
_uhttp://10.13.5.2/tesis/tl/1410453-2_CORONADO_BERNAL_MIRANDA.pdf _zDESCARGAR PDF |
||
| 942 |
_2Clasificación Universidad Autónoma Chapingo _cTD |
||
| 999 |
_c220088 _d220088 |
||